Hispania graeca

Αποθηκεύτηκε σε:
Λεπτομέρειες βιβλιογραφικής εγγραφής
Κύριος συγγραφέας: García y Bellido, Antonio (Συγγραφέας)
Μορφή: Βιβλίο
Γλώσσα:Ισπανικά
Έκδοση: Barcelona Instituto Español de Estudios Mediterraneos 1948
Θέματα:
Ετικέτες: Προσθήκη ετικέτας
Δεν υπάρχουν, Καταχωρήστε ετικέτα πρώτοι!

MARC

LEADER 00000nam a2200000 a 4500
001 UCU2201
003 CL-VaPUC
008 960419e19480000SP |||||||||||||||||spa|d
082 0 4 |a 709.46  |b GAR  |2 21 
100 |a García y Bellido, Antonio  |e author  |9 547964 
245 1 0 |a Hispania graeca 
300 |a v 
942 |c BK 
945 |d 19960419 00:00:00  |a rleighto 
260 |a Barcelona  |b Instituto Español de Estudios Mediterraneos  |c 1948 
500 |a 168 láminas 
500 |a v.3: Láminas 
650 0 |a Arte español  |9 341293 
650 0 |a Obras de arte  |9 337253 
650 0 |a Escultura española   |9 341226 
650 0 |a Arquitectura española  |9 341294 
583 |a last modification  |c 19960419 00:00:00  |k Rodrigo Vera 
999 |c 246571  |d 246569 
952 |0 0  |1 0  |4 0  |6 709_460000000000000_GAR_1948  |7 0  |8 X  |9 261654  |a BIBART  |b BIBART  |d 2019-11-19  |h v.3  |i 3168654  |o 709.46 GAR 1948  |p 3168654  |r 2025-03-13  |w 2019-11-19  |y BK_X  |k ART 
952 |0 0  |1 0  |4 0  |6 709_460000000000000_GAR_1948  |7 0  |8 X  |9 261655  |a BIBART  |b BIBART  |d 2019-11-19  |h v.3  |i 3169014  |o 709.46 GAR 1948  |p 3169014  |r 2025-03-13  |w 2019-11-19  |y BK_X  |k ART 
952 |0 0  |1 0  |4 0  |6 709_460000000000000_GAR_1948  |7 0  |8 X  |9 261656  |a BIBART  |b BIBART  |d 2019-11-19  |h v.1  |i 3247341  |o 709.46 GAR 1948  |p 3247341  |r 2025-03-13  |w 2019-11-19  |y BK_X  |k ART 
952 |0 0  |1 0  |4 0  |6 709_460000000000000_GAR_1948  |7 0  |8 X  |9 261657  |a BIBART  |b BIBART  |d 2019-11-19  |h v.1  |i 324735K  |o 709.46 GAR 1948  |p 324735K  |r 2025-03-13  |w 2019-11-19  |y BK_X  |k ART 
952 |0 0  |1 0  |4 0  |6 709_460000000000000_GAR_1948  |7 0  |8 X  |9 261658  |a BIBART  |b BIBART  |d 2019-11-19  |h v.2  |i 3247368  |o 709.46 GAR 1948  |p 3247368  |r 2025-03-13  |w 2019-11-19  |y BK_X  |k ART 
952 |0 0  |1 0  |4 0  |6 709_460000000000000_GAR_1948  |7 0  |8 X  |9 261659  |a BIBART  |b BIBART  |d 2019-11-19  |h v.2  |i 3247376  |o 709.46 GAR 1948  |p 3247376  |r 2025-03-13  |w 2019-11-19  |y BK_X  |k ART 
952 |0 0  |1 0  |4 0  |6 709_460000000000000_GAR_1948  |7 0  |8 X  |9 261660  |a BIBHIS  |b BIBHIS  |d 2019-11-19  |h v.1  |i 1382977  |o 709.46 GAR 1948  |p 1382977  |r 2024-01-30  |w 2019-11-19  |y BK_X  |k HIS 
952 |0 0  |1 0  |4 0  |6 709_460000000000000_GAR_1948  |7 0  |8 X  |9 261661  |a BIBHIS  |b BIBHIS  |d 2019-11-19  |h v.2  |i 1382985  |o 709.46 GAR 1948  |p 1382985  |r 2024-01-30  |w 2019-11-19  |y BK_X  |k HIS